• 首页
  • 本馆介绍
  • 公告通知
  • 最新文献
  • 馆藏检索
  • 电子资源
  • 读者导购
  • 参考咨询
  • 我的图书馆
  • 登录
  • 详细信息显示
  • 放入我的书架
  • 预约/预借图书
  • 作者相关作品
  • 分类相关作品
  • 丛书相关作品
  • 出版社相关作品

书目信息

  • 表格格式
  • 工作单格式
  • 卡片格式
题名:
化学反应技术基础
    
 
作者: 陈甘棠 , 梁玉衡 编著
分册:  
出版信息: 北京   科学出版社  1981
页数: 398页
开本: 25cm
丛书名:
单 册:
中图分类: TQ03
科图分类:
主题词: 化学反应过程
电子资源:
ISBN:
000 00698nam0 2200241 45
001 0181003962
005 20051114163445.34
010    @dCNY3.85
091    @a13031.1473
100    @a19950421d1981 em y0chiy0121 ea
101 0  @achi
102    @aCN@b110000
105    @ay z 000yy
200 10 @a化学反应技术基础@Ahua xue fan ying ji shu ji chu@f陈甘棠,梁玉衡编著@Fchen gan tang,liang yu heng bian zhu
210    @a北京@c科学出版社@d1981
215    @a398页@d25cm
606 0  @a化学反应过程
690    @aTQ03
701  0 @a陈甘棠@Achen gan tang@4编著
701  0 @a梁玉衡@Aliang yu heng@4编著
801  2 @aCN@bNLC@c20051114
801  0 @aCN@b上海图书馆@c20040518
905    @f1@b148483@dTQ03@e21
    
    化学反应技术基础/陈甘棠,梁玉衡编著.-北京:科学出版社,1981
    398页;25cm
    
    
    ISBN :CNY3.85
    
●
相关链接 在E读中查询图书 在五车中查询图书 在当当中查询图书 在豆瓣中查询图书


正题名:化学反应技术基础     索取号:TQ03/21         预约/预借

序号 登录号 条形码 馆藏地/架位号 状态 备注
1 0148482   202144438   密集书库/ [索取号:TQ03/21] 在馆    
2 0148483   001646865   第三借阅区/ [索取号:TQ03/21] 在馆    
3 0148484   202124209   第二样本阅览室/ [索取号:TQ03/21] 在馆    
唐山师范学院图书馆 欢迎您!
大连网信软件有限公司© 版权所有